| 000 | 00596nam a2200121Ia 4500 | ||
|---|---|---|---|
| 008 | 220620s9999||||xx |||||||||||||| ||und|| | ||
| 100 | _aKannike, Anu||Tasa, Monika | ||
| 245 | 4 | _aThe Dynamics of Cultural Borders | |
| 546 | _aEnglish[eng] | ||
| 650 | _amaterial culture||memory||war||religion||border||landscape||Bronze Age||Finland||Hymy||Reindeer||Soviet Union | ||
| 856 | _uhttps://library.oapen.org/bitstream/20.500.12657/32692/1/609474.pdf||https://library.oapen.org/bitstream/20.500.12657/32692/1/609474.pdf||https://library.oapen.org/bitstream/20.500.12657/32692/1/609474.pdf | ||
| 942 | _cEB | ||
| 999 |
_c22883 _d22883 |
||